00361nam a2200097Ia 4500008004100000100002700041245009900068260006300167650001400230999001900244160725s9999 xx 000 0 und d aValencia, Mona Liza N. aTracer study of Bachelor of Elementary Education major in Special Education graduates of SISC. bKaizen Research Journal College of EducationcJanuary 2014 aEDUCATION c298006d298006